Vista normal
Vista MARC
Entrada Materia (tema)
Número de registros utilizados en: 8
001 - CONTROL NUMBER
- control field: 42393
003 - CONTROL NUMBER IDENTIFIER
- control field: Co-BoUCM
005 - DATE AND TIME OF LATEST TRANSACTION
- control field: 20130812113956.0
008 - FIXED-LENGTH DATA ELEMENTS
- fixed length control field: 130812|| aca||aabn | a|a d
040 ## - CATALOGING SOURCE
- Original cataloging agency: Co-BoUCM
- Transcribing agency: Co-BoUCM
150 ## - HEADING--TOPICAL TERM
- Topical term or geographic name as entry element: Ordenamiento territorial
- Geographic subdivision: Bogotá (Colombia)
670 ## - SOURCE DATA FOUND
- Source citation: Work cat.: (Co-BoUCM)171807: Franco Calderón, Ángela María 41672, Impactos socioespaciales de la renovación urbana, 2011